000 00417nam a2200181Ia 4500
005 20250423095205.0
008 250422s9999 xx 000 0 und d
020 _a9781408204627
050 _aJA 86 .M36/
100 _aManheim, Jarol B.
245 0 _aEmpirical political analysis
260 _aBoston
260 _bPearson
260 _c2012
300 _a436 p
650 _aPolitical science
942 _cBK
999 _c29521
_d29521